[Event "42. Torneo Internacional de La Roda"]
[Site "La Roda ESP"]
[Date "2015.04.02"]
[Round "2.5"]
[White "Garcia Martin, Marta"]
[Black "Forcen Esteban, Daniel"]
[Result "0-1"]
[WhiteElo "2156"]
[BlackElo "2519"]
[PlyCount "128"]
[EventDate "2015.04.01"]
[EventRounds "9"]
[EventCountry "ESP"]
[Source "lmi"]
[SourceDate "2015.04.01"]

1. e4 c5 2. Nf3 e6 3. g3 Nc6 4. Bg2 Nf6 5. Qe2 Be7 6. O-O d5 7. exd5 exd5 8. d4
cxd4 9. Nbd2 O-O 10. Nb3 Bg4 11. h3 Bxf3 12. Bxf3 Qb6 13. Bg5 Rfe8 14. a4 h6
15. Bxf6 Bxf6 16. Qb5 Nb4 17. Qxb6 axb6 18. Nxd4 Bxd4 19. c3 Nc2 20. Rac1 Ne3
21. Rfe1 Nf5 22. Rxe8+ Rxe8 23. cxd4 Nxd4 24. Kg2 Nxf3 25. Kxf3 Re4 26. Rc8+
Kh7 27. Rd8 Rxa4 28. Rxd5 Rb4 29. Rd7 Kg6 30. Rxb7 Rxb2 31. h4 h5 32. Ke3 Kf6
33. Kf3 g6 34. Ke3 Ke6 35. Kf3 f6 36. Ke4 Rb4+ 37. Ke3 Ke5 38. Re7+ Kf5 39. Rf7
Re4+ 40. Kf3 Re6 41. Rg7 Rc6 42. Rg8 Rc3+ 43. Kg2 Rc5 44. Rb8 b5 45. Rb6 Ke5
46. Kh2 g5 47. hxg5 fxg5 48. Rh6 Kd4 49. Rxh5 b4 50. Rh8 b3 51. Rb8 Kc4 52. Kh3
Rb5 53. Rc8+ Kb4 54. Rc1 b2 55. Rb1 Kc3 56. Kg4 Kc2 57. Rxb2+ Kxb2 58. f4 gxf4
59. Kxf4 Kc3 60. g4 Kd4 61. g5 Rb1 62. Kf5 Kd5 63. Kf6 Kd6 64. g6 Rf1+ 0-1

[Event "42. Torneo Internacional de La Roda"]
[Site "La Roda ESP"]
[Date "2015.04.02"]
[Round "2.6"]
[White "Perez Mitjans, Orelvis"]
[Black "Rodriguez Garcia, Carlos"]
[Result "0-1"]
[WhiteElo "2463"]
[BlackElo "2154"]
[PlyCount "112"]
[EventDate "2015.04.01"]
[EventRounds "9"]
[EventCountry "ESP"]
[Source "lmi"]
[SourceDate "2015.04.01"]

1. e4 e6 2. d4 d5 3. e5 c5 4. c3 Nc6 5. Be3 Qb6 6. Qd2 Bd7 7. Nf3 Rc8 8. dxc5
Bxc5 9. Bxc5 Qxc5 10. Bd3 f6 11. O-O fxe5 12. b4 Qe7 13. b5 e4 14. bxc6 Bxc6
15. Nd4 exd3 16. Nxe6 Nf6 17. Qe3 Ne4 18. Nd4 O-O 19. Qxd3 Bd7 20. Nb3 Nxf2 21.
Qxd5+ Be6 22. Re1 Rce8 23. Qc5 Qh4 24. N1d2 Nd3 25. g3 Qh3 26. Qb5 Nxe1 27.
Rxe1 a6 28. Qxb7 Bc4 29. Rxe8 Rxe8 30. Nd4 Re1+ 31. Kf2 Qxh2+ 32. Kxe1 Qg1+ 33.
Nf1 Qxf1+ 34. Kd2 Qd3+ 35. Kc1 Qxc3+ 36. Nc2 Bd3 37. Qd5+ Kf8 38. Qd8+ Kf7 39.
Qd7+ Kf6 40. Qd6+ Kf7 41. Qd7+ Kf6 42. Qd6+ Kf7 43. Qd7+ Kf6 44. Qd6+ Kf5 45.
Qf4+ Kg6 46. Qd6+ Kh5 47. Qd5+ g5 48. g4+ Kxg4 49. Qe6+ Kh5 50. Qh3+ Kg6 51.
Qe6+ Kh5 52. Qh3+ Kg6 53. Qe6+ Kg7 54. Qe7+ Kh6 55. Qf8+ Kh5 56. Qf3+ Kg6 0-1

[Event "42. Torneo Internacional de La Roda"]
[Site "La Roda ESP"]
[Date "2015.04.02"]
[Round "2.7"]
[White "Nieves Cabanes, Javier"]
[Black "Starostits, Ilmars"]
[Result "0-1"]
[WhiteElo "2155"]
[BlackElo "2460"]
[PlyCount "58"]
[EventDate "2015.04.01"]
[EventRounds "9"]
[EventCountry "ESP"]
[Source "lmi"]
[SourceDate "2015.04.01"]

1. d4 d5 2. c4 dxc4 3. Nf3 c6 4. Qc2 Nf6 5. e4 b5 6. b3 cxb3 7. axb3 e6 8. Bd2
a5 9. Bd3 Bb7 10. O-O Be7 11. Nc3 Na6 12. Ne2 Nb4 13. Bxb4 Bxb4 14. Nf4 h6 15.
Rfd1 Rc8 16. Qb2 O-O 17. h4 Qb6 18. Qe2 Rfd8 19. e5 Nd5 20. Nxd5 cxd5 21. Bxb5
Rc3 22. Rab1 Rdc8 23. Bd3 Be7 24. Qa2 R8c6 25. Ra1 Bb4 26. Ne1 Ba6 27. Bb1 Be7
28. Qxa5 Qxa5 29. Rxa5 Rc1 0-1

[Event "42. Torneo Internacional de La Roda"]
[Site "La Roda ESP"]
[Date "2015.04.02"]
[Round "2.8"]
[White "Smirnov, Artem"]
[Black "Espejo Montagut, Jonathan"]
[Result "1-0"]
[WhiteElo "2456"]
[BlackElo "2140"]
[PlyCount "81"]
[EventDate "2015.04.01"]
[EventRounds "9"]
[EventCountry "ESP"]
[Source "lmi"]
[SourceDate "2015.04.01"]

1. d4 d5 2. c4 c6 3. Nf3 Nf6 4. Nc3 e6 5. e3 Nbd7 6. Qc2 Bd6 7. b3 b6 8. Bb2
Qe7 9. Bd3 Bb7 10. O-O O-O 11. Rfe1 h6 12. e4 dxe4 13. Nxe4 Nxe4 14. Bxe4 Ba3
15. Bxa3 Qxa3 16. Ne5 Nxe5 17. dxe5 Rfd8 18. Rad1 Qe7 19. Re3 Rxd1+ 20. Qxd1
Rd8 21. Rd3 Rxd3 22. Qxd3 Kf8 23. b4 Ke8 24. Qd6 Qxd6 25. exd6 Kd7 26. c5 Ba6
27. f4 Bc4 28. a3 Be2 29. Kf2 Bh5 30. h3 f6 31. g4 Bf7 32. Kg3 Be8 33. Bc2 Kd8
34. g5 Bh5 35. gxh6 gxh6 36. b5 Be8 37. Be4 bxc5 38. bxc6 e5 39. fxe5 fxe5 40.
Kf2 Bf7 41. Bf5 1-0

[Event "42. Torneo Internacional de La Roda"]
[Site "La Roda ESP"]
[Date "2015.04.02"]
[Round "2.9"]
[White "Lopez Quevedo, Eduardo"]
[Black "Adla, Diego"]
[Result "0-1"]
[WhiteElo "2140"]
[BlackElo "2451"]
[PlyCount "102"]
[EventDate "2015.04.01"]
[EventRounds "9"]
[EventCountry "ESP"]
[Source "lmi"]
[SourceDate "2015.04.01"]

1. e4 e6 2. Nf3 d5 3. Nc3 Nf6 4. e5 Nfd7 5. d4 c5 6. dxc5 Nc6 7. Bf4 Nxc5 8.
Bd3 Be7 9. Bg3 Qb6 10. O-O Bd7 11. a3 g5 12. Re1 g4 13. Nd2 Nxd3 14. cxd3 Qxb2
15. Ne2 h5 16. Rb1 Qxa3 17. Rb3 Qa6 18. Qb1 b6 19. d4 Rc8 20. Bf4 Na5 21. Rg3
Qb5 22. Qa2 Qa4 23. Qxa4 Bxa4 24. h3 Rg8 25. hxg4 hxg4 26. Ra1 Bb5 27. Nc3 Bd7
28. Nd1 Bh4 29. Rga3 f5 30. exf6 Bxf6 31. Be5 Bxe5 32. dxe5 Nc6 33. f4 Nd4 34.
Rxa7 Ne2+ 35. Kf2 Nxf4 36. Kg3 Ne2+ 37. Kf2 Nd4 38. Ra8 g3+ 39. Kg1 Ke7 40.
R8a7 Rc2 41. R1a2 Rc1 42. Ra1 Rf8 43. Nf3 Nxf3+ 44. gxf3 Rxa1 45. Rxa1 Rxf3 46.
Rb1 b5 47. Kg2 Rd3 48. Kf1 d4 49. Ke2 Ra3 50. Rb4 Bc6 51. Rxd4 Bf3+ 0-1

[Event "42. Torneo Internacional de La Roda"]
[Site "La Roda ESP"]
[Date "2015.04.02"]
[Round "2.10"]
[White "Campora, Daniel H"]
[Black "Alcoba, Pablo Alejandro"]
[Result "0-1"]
[WhiteElo "2450"]
[BlackElo "2124"]
[PlyCount "90"]
[EventDate "2015.04.01"]
[EventRounds "9"]
[EventCountry "ESP"]
[Source "lmi"]
[SourceDate "2015.04.01"]

1. e4 e5 2. Nf3 Nc6 3. Bb5 a6 4. Ba4 Nf6 5. O-O b5 6. Bb3 Be7 7. d4 d6 8. c3
O-O 9. h3 Re8 10. Re1 Bf8 11. Nbd2 Na5 12. Bc2 c5 13. d5 c4 14. b4 cxb3 15.
axb3 Qc7 16. b4 Nc4 17. Nxc4 Qxc4 18. Ra3 Bd7 19. Bd3 Qc8 20. Kh2 g6 21. Bf1
Bg7 22. Ng1 h6 23. Bd2 Qb7 24. Qc2 Nh5 25. Rea1 f5 26. f3 Nf6 27. Bd3 fxe4 28.
fxe4 Bc8 29. Be3 Qd7 30. Ne2 Rb8 31. Qd2 Kh7 32. Ng3 Qd8 33. Kg1 Nd7 34. Nf1
Nb6 35. Nh2 Qc7 36. Qe2 Na4 37. c4 Bd7 38. c5 dxc5 39. bxc5 Bf8 40. d6 Qc6 41.
Qd2 Bg7 42. Nf3 Rf8 43. Bc2 Qc8 44. Rc1 Nb2 45. Bb1 Nc4 0-1

[Event "42. Torneo Internacional de La Roda"]
[Site "La Roda ESP"]
[Date "2015.04.02"]
[Round "2.11"]
[White "Donado-Mazarron Gomez, Miguel"]
[Black "Garza Marco, Sergio"]
[Result "0-1"]
[WhiteElo "2129"]
[BlackElo "2415"]
[PlyCount "60"]
[EventDate "2015.04.01"]
[EventRounds "9"]
[EventCountry "ESP"]
[Source "lmi"]
[SourceDate "2015.04.01"]

1. d4 d6 2. Nf3 g6 3. c4 f5 4. g3 Nf6 5. Bg2 Bg7 6. O-O O-O 7. Nc3 c6 8. b3 Na6
9. Bb2 Qc7 10. d5 e5 11. Qd2 c5 12. a3 h6 13. Nb5 Qd8 14. b4 g5 15. Ne1 b6 16.
Nd3 f4 17. bxc5 Nxc5 18. Nxc5 bxc5 19. Bc3 Bf5 20. Ra2 Qd7 21. Ba5 Rac8 22. Rb2
a6 23. Nc3 Rb8 24. e4 fxe3 25. fxe3 Rxb2 26. Qxb2 Bd3 27. Rd1 Bxc4 28. Qb6 Ng4
29. Qc6 Qf5 30. Qxd6 Nxe3 0-1

[Event "42. Torneo Internacional de La Roda"]
[Site "La Roda ESP"]
[Date "2015.04.02"]
[Round "2.12"]
[White "Granero Roca, Antonio"]
[Black "Perez Tores, Juan Miguel"]
[Result "1-0"]
[WhiteElo "2413"]
[BlackElo "2121"]
[PlyCount "85"]
[EventDate "2015.04.01"]
[EventRounds "9"]
[EventCountry "ESP"]
[Source "lmi"]
[SourceDate "2015.04.01"]

1. d4 Nf6 2. c4 e6 3. Nc3 Bb4 4. e3 b6 5. Nge2 O-O 6. a3 Be7 7. Nf4 Bb7 8. Be2
c6 9. e4 d6 10. Nd3 d5 11. e5 Ne4 12. O-O c5 13. cxd5 exd5 14. dxc5 bxc5 15.
Nf4 d4 16. Nxe4 Bxe4 17. Bf3 Bxf3 18. Qxf3 Na6 19. Nh5 Qb6 20. Re1 Nc7 21. Re4
Kh8 22. Rf4 f6 23. exf6 Bxf6 24. Rb1 Qd6 25. Nxf6 gxf6 26. Rf5 Rae8 27. Bh6 Rf7
28. g3 Re5 29. Rxe5 Qxe5 30. Bf4 Qe6 31. Bd2 Qd5 32. Qg4 Ne6 33. Re1 f5 34. Qh5
Qd7 35. Qh6 Nf8 36. h4 Kg8 37. h5 Qd5 38. Bf4 c4 39. Re8 Qd7 40. Rb8 Qe7 41.
Bd6 Qe1+ 42. Kg2 Qe4+ 43. Kh2 1-0

[Event "42. Torneo Internacional de La Roda"]
[Site "La Roda ESP"]
[Date "2015.04.02"]
[Round "2.13"]
[White "Frometa Castillo, Zirka"]
[Black "Pilgaard, Kim"]
[Result "0-1"]
[WhiteElo "2122"]
[BlackElo "2386"]
[PlyCount "130"]
[EventDate "2015.04.01"]
[EventRounds "9"]
[EventCountry "ESP"]
[Source "lmi"]
[SourceDate "2015.04.01"]

1. d4 Nf6 2. Bf4 e6 3. e3 c5 4. c3 Nc6 5. Nd2 h6 6. h3 d5 7. Ngf3 Bd6 8. Bxd6
Qxd6 9. Bb5 Nd7 10. O-O O-O 11. a3 e5 12. Bxc6 bxc6 13. dxc5 Qxc5 14. Qa4 e4
15. Nd4 Ne5 16. f4 exf3 17. N2xf3 Nxf3+ 18. Rxf3 Bd7 19. Qb4 Qb6 20. Qe7 Qc7
21. Raf1 Rae8 22. Qc5 Re5 23. b4 f6 24. c4 Rc8 25. Rc1 Qb8 26. Rff1 dxc4 27.
Qxc4+ Kh8 28. Qd3 Qd6 29. Rf3 Rce8 30. Re1 Re4 31. Qc3 Qe5 32. Kf2 f5 33. Qc5
Qxc5 34. bxc5 R4e5 35. Rc1 Rb8 36. Rc2 Kg8 37. Ke2 Rd5 38. h4 g5 39. hxg5 hxg5
40. Rf1 Kg7 41. g3 Kg6 42. Rh1 Re8 43. Kf3 Rde5 44. Rc3 Rb8 45. Rhc1 Be8 46.
Rb3 Rxb3 47. Nxb3 Bf7 48. Nd4 Bd5+ 49. Ke2 Re7 50. Kd2 Be4 51. Rc3 Kh5 52. Rb3
Kg4 53. a4 Kxg3 54. Nxf5+ Bxf5 55. e4+ Kf4 56. exf5 Kxf5 57. a5 g4 58. a6 Kf6
59. Rb8 g3 60. Rb1 g2 61. Rg1 Rg7 62. Ke3 Ke5 63. Kf2 Kd5 64. Rd1+ Kxc5 65. Kg1
Kb5 0-1

[Event "42. Torneo Internacional de La Roda"]
[Site "La Roda ESP"]
[Date "2015.04.02"]
[Round "2.14"]
[White "Maier, Christian"]
[Black "Gil Quilez, Sonia"]
[Result "1-0"]
[WhiteElo "2380"]
[BlackElo "2115"]
[PlyCount "91"]
[EventDate "2015.04.01"]
[EventRounds "9"]
[EventCountry "ESP"]
[Source "lmi"]
[SourceDate "2015.04.01"]

1. e4 c5 2. Nf3 Nc6 3. Bb5 Nf6 4. Nc3 g6 5. O-O Bg7 6. Re1 O-O 7. e5 Ng4 8.
Bxc6 dxc6 9. h3 Nh6 10. d3 Nf5 11. Ne4 Nd4 12. Nxc5 Nxf3+ 13. Qxf3 Qa5 14. Qe3
Bh6 15. Nb3 Bxe3 16. Nxa5 Bb6 17. Nc4 Be6 18. Nxb6 axb6 19. a3 Kg7 20. Bd2 Rfd8
21. Bc3 g5 22. Re3 Kg6 23. Kh2 h5 24. f3 Ra6 25. Be1 Rh8 26. h4 g4 27. Bd2 Ra4
28. Re4 Raa8 29. Rf1 Rhf8 30. Bg5 Bd5 31. Bxe7 Rfe8 32. Bf6 Bxe4 33. fxe4 c5
34. Rd1 Re6 35. Kg3 Ra4 36. c3 b5 37. Kf4 b4 38. axb4 cxb4 39. cxb4 Rxb4 40.
Rd2 Rd4 41. Ke3 Rd7 42. d4 Rb6 43. d5 Rxf6 44. exf6 Kxf6 45. Kd4 Rc7 46. e5+
1-0

[Event "42. Torneo Internacional de La Roda"]
[Site "La Roda ESP"]
[Date "2015.04.02"]
[Round "2.15"]
[White "Sanchez Barbado, Carlos"]
[Black "Martin Duque, Jesus"]
[Result "0-1"]
[WhiteElo "2120"]
[BlackElo "2377"]
[PlyCount "68"]
[EventDate "2015.04.01"]
[EventRounds "9"]
[EventCountry "ESP"]
[Source "lmi"]
[SourceDate "2015.04.01"]

1. e4 e6 2. d4 d5 3. Nd2 Be7 4. Ngf3 Nf6 5. e5 Nfd7 6. Bd3 c5 7. c3 Nc6 8. O-O
a5 9. a4 cxd4 10. cxd4 Nb4 11. Nb1 Nxd3 12. Qxd3 O-O 13. Nc3 Nb8 14. Nb5 Nc6
15. Bd2 Bd7 16. Rac1 Qb6 17. h4 Nb4 18. Qe2 Rfc8 19. Bg5 Bf8 20. Be3 Rc6 21.
Nd2 Rac8 22. Nc3 Qa6 23. Qxa6 bxa6 24. Nb3 Nd3 25. Rb1 Bb4 26. Na2 Rc2 27. Nxb4
axb4 28. Nc5 Nxc5 29. dxc5 Bxa4 30. Rfc1 Rxc1+ 31. Rxc1 f6 32. f4 h5 33. Bd2 a5
34. Kf2 d4 0-1

[Event "42. Torneo Internacional de La Roda"]
[Site "La Roda ESP"]
[Date "2015.04.02"]
[Round "2.16"]
[White "Fernandez Gil, Ruben Carlos"]
[Black "Suarez Gomez, Julio"]
[Result "0-1"]
[WhiteElo "2106"]
[BlackElo "2358"]
[PlyCount "50"]
[EventDate "2015.04.01"]
[EventRounds "9"]
[EventCountry "ESP"]
[Source "lmi"]
[SourceDate "2015.04.01"]

1. e4 e6 2. d4 d5 3. Nc3 Bb4 4. a3 Bxc3+ 5. bxc3 dxe4 6. Qg4 Nf6 7. Qxg7 Rg8 8.
Qh6 Rg6 9. Qe3 Nbd7 10. Ne2 b6 11. Ng3 Bb7 12. c4 Qe7 13. a4 c5 14. c3 Ng4 15.
Qf4 e5 16. Qd2 exd4 17. cxd4 e3 18. fxe3 Nxe3 19. Kf2 cxd4 20. Ba3 Nc5 21. Qxd4
Rf6+ 22. Kg1 Rd8 23. Qc3 Nd1 24. Qc1 Qe5 25. Ne2 Nb3 0-1

[Event "42. Torneo Internacional de La Roda"]
[Site "La Roda ESP"]
[Date "2015.04.02"]
[Round "2.17"]
[White "Aguado Solana, Juan"]
[Black "Ramiro Ovejero, Juan Luis"]
[Result "0-1"]
[WhiteElo "2103"]
[BlackElo "2345"]
[PlyCount "144"]
[EventDate "2015.04.01"]
[EventRounds "9"]
[EventCountry "ESP"]
[Source "lmi"]
[SourceDate "2015.04.01"]

1. d4 d5 2. c4 c6 3. cxd5 cxd5 4. Nc3 Nf6 5. Nf3 Nc6 6. Bf4 a6 7. e3 Bg4 8. Be2
e6 9. O-O Be7 10. h3 Bxf3 11. Bxf3 O-O 12. Rc1 Bd6 13. Bg5 h6 14. Bxf6 Qxf6 15.
Qd3 Rad8 16. a3 Ne7 17. e4 dxe4 18. Nxe4 Qg6 19. Nc5 Qxd3 20. Nxd3 b6 21. Ne5
Bxe5 22. dxe5 Rd2 23. b4 Ra2 24. Ra1 Rxa1 25. Rxa1 Ng6 26. Bb7 a5 27. bxa5 bxa5
28. Rc1 Rb8 29. Be4 Rb5 30. Rc8+ Nf8 31. f4 g5 32. fxg5 hxg5 33. a4 Rxe5 34.
Bd3 Kg7 35. Bb5 Ng6 36. Ra8 Nf4 37. Rxa5 Ne2+ 38. Kf2 Nc3 39. Kg3 Kf6 40. Kf3
Rd5 41. Ra8 Nxb5 42. axb5 Rxb5 43. Ra4 Kf5 44. Ra7 f6 45. Ra4 e5 46. g4+ Kg6
47. Ra7 Rb8 48. Kf2 Rf8 49. Kf3 Rf7 50. Ra3 Rd7 51. Ke3 Kf7 52. Ke4 Rd4+ 53.
Ke3 Ke6 54. Ra6+ Rd6 55. Ra5 Rc6 56. Kd3 Kd6 57. Rb5 Ke6 58. Rb3 f5 59. gxf5+
Kxf5 60. Ke3 Rh6 61. Kf2 Rh4 62. Kg2 Rd4 63. Rb8 Rd2+ 64. Kf3 Rd3+ 65. Kg2 e4
66. Rb5+ Kf4 67. Ra5 Rd2+ 68. Kg1 e3 69. Rb5 Rd1+ 70. Kg2 e2 71. Rb4+ Ke3 72.
Rb3+ Kd4 0-1

[Event "42. Torneo Internacional de La Roda"]
[Site "La Roda ESP"]
[Date "2015.04.02"]
[Round "2.18"]
[White "Sanchez Carrasco, Fco. Javier"]
[Black "Cabezas Ayala, Ivan"]
[Result "0-1"]
[WhiteElo "2102"]
[BlackElo "2342"]
[PlyCount "66"]
[EventDate "2015.04.01"]
[EventRounds "9"]
[EventCountry "ESP"]
[Source "lmi"]
[SourceDate "2015.04.01"]

1. c4 Nf6 2. Nc3 g6 3. g3 Bg7 4. Bg2 O-O 5. Nf3 d6 6. d4 Nbd7 7. O-O e5 8. e4
exd4 9. Nxd4 Re8 10. h3 c6 11. Be3 Nc5 12. Qc2 a5 13. Rad1 Qe7 14. Rfe1 Nfd7
15. f4 h5 16. Bf2 Qf8 17. Rd2 Nb6 18. b3 f5 19. Rde2 Bd7 20. a3 h4 21. e5 hxg3
22. Bxg3 a4 23. b4 dxe5 24. bxc5 exd4 25. cxb6 dxc3 26. Qd3 Rxe2 27. Rxe2 Re8
28. Rc2 Be6 29. Rxc3 Bxc3 30. Qxc3 Qg7 31. Qe3 Bf7 32. Qd3 Qa1+ 33. Kh2 Qb2 0-1

[Event "42. Torneo Internacional de La Roda"]
[Site "La Roda ESP"]
[Date "2015.04.02"]
[Round "2.19"]
[White "Rodriguez Sanz, Gabriel"]
[Black "Moya Albaladejo, Jose Antonio"]
[Result "1/2-1/2"]
[WhiteElo "1646"]
[BlackElo "1909"]
[PlyCount "69"]
[EventDate "2015.04.01"]
[EventRounds "9"]
[EventCountry "ESP"]
[Source "lmi"]
[SourceDate "2015.04.01"]

1. d4 d5 2. Nf3 Nf6 3. e3 g6 4. Nbd2 Bg7 5. Bd3 O-O 6. O-O c5 7. b3 b6 8. Bb2
Bb7 9. Ne5 Nc6 10. Nxc6 Bxc6 11. Rc1 Nd7 12. c4 cxd4 13. exd4 Nc5 14. dxc5 Bxb2
15. Rc2 dxc4 16. Bxc4 Bd4 17. cxb6 Qxb6 18. Qe2 Qb7 19. Nf3 Bf6 20. Rd1 Rad8
21. Rcd2 e6 22. Rxd8 Rxd8 23. Rxd8+ Bxd8 24. Ne5 Bxg2 25. Qd3 Be7 26. Qe3 Bh1
27. f3 Bd6 28. Kxh1 Bxe5 29. Qxe5 Qxf3+ 30. Kg1 Qg4+ 31. Kf2 Qh4+ 32. Qg3 Qd4+
33. Kg2 h5 34. Qf2 Qg4+ 35. Qg3 1/2-1/2

[Event "42. Torneo Internacional de La Roda"]
[Site "La Roda ESP"]
[Date "2015.04.02"]
[Round "2.20"]
[White "Suba, Mihai"]
[Black "Laiz Ibanez, Hector"]
[Result "0-1"]
[WhiteElo "2332"]
[BlackElo "2098"]
[PlyCount "90"]
[EventDate "2015.04.01"]
[EventRounds "9"]
[EventCountry "ESP"]
[Source "lmi"]
[SourceDate "2015.04.01"]

1. c4 Nf6 2. Nc3 e5 3. Nf3 Nc6 4. a3 d5 5. cxd5 Nxd5 6. Qc2 Be7 7. e3 a6 8.
Nxd5 Qxd5 9. Bd3 Bd7 10. b4 Bf6 11. Bb2 h6 12. O-O O-O 13. Rad1 Qe6 14. Be4
Rfe8 15. Rc1 Rad8 16. Rfe1 Qd6 17. h3 g6 18. Rcd1 Bg7 19. d4 exd4 20. Nxd4 Bxd4
21. Bxd4 Qe6 22. Bf3 Nxd4 23. Rxd4 Ba4 24. Qd2 Rxd4 25. Qxd4 Bc6 26. Bxc6 Qxc6
27. Rd1 Re6 28. Qf4 Rd6 29. Rxd6 Qxd6 30. Qxd6 cxd6 31. Kf1 Kg7 32. Ke2 Kf6 33.
Kd3 Ke6 34. Kd4 f5 35. a4 b6 36. f3 d5 37. a5 bxa5 38. bxa5 Kd6 39. h4 Ke6 40.
Kc5 Ke5 41. g3 g5 42. hxg5 hxg5 43. Kb6 f4 44. gxf4+ gxf4 45. exf4+ Kd6 0-1

[Event "42. Torneo Internacional de La Roda"]
[Site "La Roda ESP"]
[Date "2015.04.02"]
[Round "3.1"]
[White "Granda Zuniga, Julio E"]
[Black "Mingarro Carceller, Sergi"]
[Result "1-0"]
[WhiteElo "2649"]
[BlackElo "2264"]
[PlyCount "123"]
[EventDate "2015.04.01"]
[EventType "swiss"]
[EventRounds "9"]
[EventCountry "ESP"]
[Source "lmi"]
[SourceDate "2015.04.01"]

1. d4 f5 2. Nc3 Nf6 3. Bg5 d5 4. Bxf6 exf6 5. e3 Be6 6. Nge2 Bd6 7. Nf4 Bxf4 8.
exf4 Qd6 9. g3 a6 10. Bg2 Nc6 11. Qd2 Ne7 12. h4 h5 13. Bf3 Bf7 14. Nd1 O-O 15.
Ne3 b6 16. O-O g6 17. Rfd1 Rad8 18. b3 Be8 19. c4 Bc6 20. Qc3 dxc4 21. d5 Bb7
22. Nxc4 Qd7 23. d6 Bxf3 24. Qxf3 Nc8 25. Rac1 cxd6 26. Ne3 Rf7 27. Nd5 Kg7 28.
Nc7 Qxc7 29. Rxc7 Rxc7 30. Qe3 d5 31. Rc1 Rcd7 32. Qd4 Kf7 33. a4 Rd6 34. Rc7+
R6d7 35. Rc1 a5 36. Kf1 Rd6 37. Ke2 Re6+ 38. Kd1 Ne7 39. Rc7 Rdd6 40. f3 Rc6
41. Rxc6 Rxc6 42. Qd3 Rd6 43. Qa6 Re6 44. Kd2 Rd6 45. b4 axb4 46. a5 b3 47.
axb6 Ke6 48. Qb5 Rd8 49. Qxb3 Rb8 50. Qa3 Nc8 51. Qf8 Kd7 52. Qf7+ Ne7 53. Qxf6
Rb7 54. Kc3 Nc6 55. Qxg6 Rxb6 56. Qxf5+ Kd6 57. Qf8+ Kd7 58. f5 d4+ 59. Kc4 Rb8
60. Qf7+ Kd6 61. Qe6+ Kc7 62. Kc5 1-0

[Event "42. Torneo Internacional de La Roda"]
[Site "La Roda ESP"]
[Date "2015.04.02"]
[Round "3.2"]
[White "Torres Sanchez, Jose"]
[Black "Kovchan, Alexander"]
[Result "0-1"]
[WhiteElo "2262"]
[BlackElo "2581"]
[PlyCount "102"]
[EventDate "2015.04.01"]
[EventType "swiss"]
[EventRounds "9"]
[EventCountry "ESP"]
[Source "lmi"]
[SourceDate "2015.04.01"]

1. Nc3 c5 2. e4 a6 3. g3 b5 4. Bg2 Bb7 5. Nge2 e6 6. d4 cxd4 7. Nxd4 b4 8. Na4
Nf6 9. Qe2 Qa5 10. b3 Nc6 11. Bb2 Nxd4 12. Bxd4 e5 13. Bb6 Qb5 14. f3 Qxe2+ 15.
Kxe2 d5 16. exd5 Nxd5 17. Bf2 Rc8 18. Rhc1 Be7 19. Nb6 Nxb6 20. Bxb6 O-O 21.
Ba5 Bc6 22. c4 bxc3 23. Rxc3 Ba3 24. Rb1 Bb5+ 25. Kd2 Rxc3 26. Kxc3 Rc8+ 27.
Kd2 Be7 28. h4 g5 29. Bh3 Rc5 30. Bf5 gxh4 31. gxh4 Bxh4 32. Rg1+ Kh8 33. Bc3
f6 34. f4 exf4 35. Be6 h6 36. a4 Rc6 37. Rg8+ Kh7 38. Rg4 Rd6+ 39. Kc1 Rxe6 40.
Rxh4 Bd3 41. Rxf4 f5 42. Rd4 Be4 43. Bd2 Kg6 44. Bf4 Kh5 45. Kd2 Kg4 46. Ke3
Rb6 47. b4 Rc6 48. b5 axb5 49. axb5 Rc3+ 50. Kd2 Rc2+ 51. Kd1 Kxf4 0-1

[Event "42. Torneo Internacional de La Roda"]
[Site "La Roda ESP"]
[Date "2015.04.02"]
[Round "3.3"]
[White "Aquino, Jose Rodolfo"]
[Black "Strikovic, Aleksa"]
[Result "0-1"]
[WhiteElo "2215"]
[BlackElo "2522"]
[PlyCount "64"]
[EventDate "2015.04.01"]
[EventType "swiss"]
[EventRounds "9"]
[EventCountry "ESP"]
[Source "lmi"]
[SourceDate "2015.04.01"]

1. Nc3 c5 2. e4 Nc6 3. Nf3 e5 4. Bc4 Be7 5. d3 d6 6. h3 Nf6 7. Be3 O-O 8. g4
Be6 9. g5 Ne8 10. Bd5 Nc7 11. Bxc6 bxc6 12. Qd2 f5 13. exf5 Bxf5 14. Na4 c4 15.
Nh4 Be6 16. Rg1 cxd3 17. Qxd3 Nd5 18. Nc3 Nf4 19. Qd2 Nxh3 20. Rg3 d5 21. O-O-O
d4 22. Qe2 Qc8 23. g6 Bxh4 24. Qh5 hxg6 25. Rxg6 Rf6 26. Bh6 Rxg6 27. Qxg6 Bg5+
28. Bxg5 Bf7 29. Qd3 Nxg5 30. f4 Qh3 31. Qa6 exf4 32. Qxc6 Rc8 0-1

[Event "42. Torneo Internacional de La Roda"]
[Site "La Roda ESP"]
[Date "2015.04.02"]
[Round "3.4"]
[White "Forcen Esteban, Daniel"]
[Black "Alshameary Puente, Ismael"]
[Result "1/2-1/2"]
[WhiteElo "2519"]
[BlackElo "2251"]
[PlyCount "88"]
[EventDate "2015.04.01"]
[EventType "swiss"]
[EventRounds "9"]
[EventCountry "ESP"]
[Source "lmi"]
[SourceDate "2015.04.01"]

1. e4 c5 2. Nf3 d6 3. d4 cxd4 4. Nxd4 Nf6 5. Nc3 a6 6. Bg5 e6 7. Qe2 Be7 8. f4
h6 9. Bh4 Nxe4 10. Bxe7 Nxc3 11. Qc4 Kxe7 12. Qxc3 Re8 13. O-O-O Kf8 14. Nf3 d5
15. g4 Nc6 16. g5 hxg5 17. fxg5 Qa5 18. Qxa5 Nxa5 19. h4 Bd7 20. Bg2 Nc4 21.
Rhe1 f6 22. b3 Nb6 23. Bh3 Rad8 24. h5 e5 25. Bxd7 Rxd7 26. Nh4 fxg5 27. Ng6+
Kg8 28. Rxe5 Rxe5 29. Nxe5 Re7 30. Ng6 Re4 31. Rf1 Nd7 32. Rf5 Nf6 33. Rxg5
Re1+ 34. Kb2 d4 35. Rc5 Kh7 36. Nf4 Re4 37. Rf5 Kh6 38. b4 Re1 39. a4 Rf1 40.
b5 axb5 41. axb5 Rf3 42. Kc1 Rf2 43. b6 Kh7 44. Kb1 Kh6 1/2-1/2

[Event "42. Torneo Internacional de La Roda"]
[Site "La Roda ESP"]
[Date "2015.04.02"]
[Round "3.5"]
[White "Starostits, Ilmars"]
[Black "Sanchez Jerez, Emilio Miguel"]
[Result "1-0"]
[WhiteElo "2460"]
[BlackElo "2231"]
[PlyCount "65"]
[EventDate "2015.04.01"]
[EventType "swiss"]
[EventRounds "9"]
[EventCountry "ESP"]
[Source "lmi"]
[SourceDate "2015.04.01"]

1. d4 Nf6 2. Nf3 g6 3. c4 Bg7 4. Nc3 d6 5. e4 O-O 6. Be2 e5 7. O-O Nc6 8. d5
Ne7 9. b4 Nh5 10. g3 a5 11. bxa5 Rxa5 12. Nd2 Bh3 13. Re1 Nf4 14. Bf1 Bxf1 15.
Rxf1 Nh5 16. Nb3 Ra8 17. c5 dxc5 18. Nxc5 b6 19. Nd3 Nf6 20. Qb3 Ne8 21. a4 Nd6
22. Bb2 f5 23. f4 fxe4 24. Nxe5 Ra5 25. Rad1 Kh8 26. Rfe1 g5 27. Nxe4 gxf4 28.
Ng5 fxg3 29. Ne6 gxh2+ 30. Kh1 Qe8 31. Nxg7 Rxd5 32. Nf3 Ne4 33. Nf5+ 1-0

[Event "42. Torneo Internacional de La Roda"]
[Site "La Roda ESP"]
[Date "2015.04.02"]
[Round "3.6"]
[White "Hernandez Munoz, Antonio Ramon"]
[Black "Smirnov, Artem"]
[Result "1/2-1/2"]
[WhiteElo "2206"]
[BlackElo "2456"]
[PlyCount "60"]
[EventDate "2015.04.01"]
[EventType "swiss"]
[EventRounds "9"]
[EventCountry "ESP"]
[Source "lmi"]
[SourceDate "2015.04.01"]

1. d4 Nf6 2. Nf3 e6 3. g3 b5 4. Qd3 a6 5. e4 Bb7 6. e5 Nd5 7. Bg2 c5 8. O-O
cxd4 9. Nxd4 Qc7 10. Qe2 Nc6 11. Nf3 d6 12. exd6 Bxd6 13. Nbd2 Be7 14. Ne4 h6
15. Bd2 O-O 16. c4 bxc4 17. Qxc4 Rfc8 18. Rfc1 Qb6 19. Qa4 a5 20. Nc3 Ncb4 21.
Ne5 Nxc3 22. bxc3 Bxg2 23. Kxg2 Qb7+ 24. Kg1 Qd5 25. cxb4 Qxd2 26. Rxc8+ Rxc8
27. Qxa5 Bf6 28. Rf1 Bxe5 29. Qxe5 Qxb4 30. Qe2 Qa4 1/2-1/2